000
00246nam a22001097a 4500
082
_a
630/VER
100
_a
Verma,Kushal
_9
83557
245
_a
Small Scale Farming
260
_a
Delhi
_b
Advaita Publicatio
_c
2020
650
_a
Agriculture
942
_c
BK
999
_c
68499
_d
68499